<?xml version="1.0" encoding="UTF-8"?><?xml-stylesheet type="text/xsl" href="static/style.xsl"?><OAI-PMH xmlns="http://www.openarchives.org/OAI/2.0/" xmlns:xsi="http://www.w3.org/2001/XMLSchema-instance" xsi:schemaLocation="http://www.openarchives.org/OAI/2.0/ http://www.openarchives.org/OAI/2.0/OAI-PMH.xsd"><responseDate>2026-04-28T21:16:37Z</responseDate><request verb="GetRecord" identifier="oai:uvadoc.uva.es:10324/54500" metadataPrefix="marc">https://uvadoc.uva.es/oai/request</request><GetRecord><record><header><identifier>oai:uvadoc.uva.es:10324/54500</identifier><datestamp>2025-02-03T09:30:04Z</datestamp><setSpec>com_10324_38</setSpec><setSpec>col_10324_852</setSpec></header><metadata><record xmlns="http://www.loc.gov/MARC21/slim" xmlns:doc="http://www.lyncode.com/xoai" xmlns:xsi="http://www.w3.org/2001/XMLSchema-instance" xmlns:dcterms="http://purl.org/dc/terms/" xsi:schemaLocation="http://www.loc.gov/MARC21/slim http://www.loc.gov/standards/marcxml/schema/MARC21slim.xsd">
<leader>00925njm 22002777a 4500</leader>
<datafield tag="042" ind1=" " ind2=" ">
<subfield code="a">dc</subfield>
</datafield>
<datafield tag="720" ind1=" " ind2=" ">
<subfield code="a">Granado Alonso, Águeda</subfield>
<subfield code="e">author</subfield>
</datafield>
<datafield tag="260" ind1=" " ind2=" ">
<subfield code="c">2022</subfield>
</datafield>
<datafield tag="520" ind1=" " ind2=" ">
<subfield code="a">La figura de protección Parque Nacional se creó en España en 1916. Desde entonces, 16&#xd;
espacios naturales han sido considerados merecedores de dicha declaración. Los ecosistemas&#xd;
de cada uno de los Parques son representativos de la biodiversidad del país, contando cada&#xd;
uno de ellos con sus propias particularidades.&#xd;
Que un espacio sea declarado Parque Nacional supone un rasgo distintivo frente a&#xd;
otros entornos naturales. Esto ha provocado el aumento de los visitantes que, atraídos por la&#xd;
singularidad de la flora y la fauna y la belleza paisajística, acuden a estas áreas. La&#xd;
compatibilidad entre el uso público de los PN y su conservación supone un reto para los&#xd;
organismos encargados de la gestión. En el Parque Nacional Sierra de Guadarrama el turismo&#xd;
y la sostenibilidad van de la mano, con el fin de garantizar la conservación del ecosistema y&#xd;
el cumplimiento de los objetivos de la Red de Parques Nacionales.</subfield>
</datafield>
<datafield tag="024" ind2=" " ind1="8">
<subfield code="a">https://uvadoc.uva.es/handle/10324/54500</subfield>
</datafield>
<datafield tag="245" ind1="0" ind2="0">
<subfield code="a">La sostenibilidad turística en los parques nacionales. Caso de la Sierra de Guadarrama.</subfield>
</datafield>
</record></metadata></record></GetRecord></OAI-PMH>